Learning Resource and Development

Children's rights education in diverse classrooms : (Record no. 27263)

MARC details
000 -LEADER
fixed length control field 03222cam a22004098i 4500
001 - CONTROL NUMBER
control field 21774831
003 - CONTROL NUMBER IDENTIFIER
control field CSPC
005 - DATE AND TIME OF LATEST TRANSACTION
control field 20251006133627.0
008 - FIXED-LENGTH DATA ELEMENTS--GENERAL INFORMATION
fixed length control field 201027s2021 nyu b 001 0 eng
010 ## - LIBRARY OF CONGRESS CONTROL NUMBER
LC control number 2020047684
020 ## - INTERNATIONAL STANDARD BOOK NUMBER
International Standard Book Number 9781350216839
Qualifying information (paperback)
020 ## - INTERNATIONAL STANDARD BOOK NUMBER
Canceled/invalid ISBN 9781350062832
Qualifying information (epub)
035 ## - SYSTEM CONTROL NUMBER
System control number 21774831
040 ## - CATALOGING SOURCE
Original cataloging agency DLC
Language of cataloging eng
Description conventions rda
Transcribing agency DLC
Modifying agency CSPC
042 ## - AUTHENTICATION CODE
Authentication code pcc
050 00 - LIBRARY OF CONGRESS CALL NUMBER
Classification number LC213
Item number .J47 2021
082 00 - DEWEY DECIMAL CLASSIFICATION NUMBER
Classification number 379.26
Item number J483c
Edition number 23
100 1# - MAIN ENTRY--PERSONAL NAME
Personal name Jerome, Lee,
Relator term author.
245 10 - TITLE STATEMENT
Title Children's rights education in diverse classrooms :
Remainder of title pedagogy, principles, and practice /
Statement of responsibility, etc. Lee Jerome and Hugh Starkey.
263 ## - PROJECTED PUBLICATION DATE
Projected publication date 2105
264 #1 - PRODUCTION, PUBLICATION, DISTRIBUTION, MANUFACTURE, AND COPYRIGHT NOTICE
Place of production, publication, distribution, manufacture London ;
-- New York, NY :
Name of producer, publisher, distributor, manufacturer Bloomsbury Academic,
Date of production, publication, distribution, manufacture, or copyright notice 2021.
300 ## - PHYSICAL DESCRIPTION
Extent xvi, 289 pages ;
Dimensions 23 cm.
336 ## - CONTENT TYPE
Content type term text
Content type code txt
Source rdacontent
337 ## - MEDIA TYPE
Media type term unmediated
Media type code n
Source rdamedia
338 ## - CARRIER TYPE
Carrier type term volume
Carrier type code nc
Source rdacarrier
504 ## - BIBLIOGRAPHY, ETC. NOTE
Bibliography, etc. note Includes bibliographical references and index.
505 0# - FORMATTED CONTENTS NOTE
Formatted contents note Part I. Definition and developments -- The united nations convention on the rights of the child and some implications for education -- Defining children's rights education -- Implementing children's rights education -- Part II. Ideology and interpretations -- Children's rights education, ideology and the teacher as change agent -- Transformational education and pedagogy as politics -- Experiential education through democracy and cooperation -- Part III. Pedagogy and practice -- The rights-respecting classroom -- Developing a children's rights culture in the school -- Children as citizens -- Conclusion: towards a pedagogy for CRE.
520 ## - SUMMARY, ETC.
Summary, etc. "With PISA tables, accountability, and performance management pulling educators in one direction, and the understanding that education is a social process embedded in cultural contexts, tailored to meet the needs and challenges of individuals and communities in another, it is easy to end up in seeing teachers as positioned as opponents to the 'system'. Jerome and Starkey argue that the United Nations Convention on the Rights of the Child (UNCRC, 1989) can provide a pragmatic starting point for educators to challenge some of these unsettling trends in a way which does not set up unnecessary opposition with policy-makers. They review the evidence from international evaluations, surveys and case studies about practice in human rights and child right education before exploring the key principles of transformative and experiential education to offer a robust theoretical framework that can guide the development of child rights education. They also draw out practical implications and outline a series of teaching and learning approaches that are values informed, aligned with children's rights and focused on quality learning"--
Assigning source Provided by publisher.
630 00 - SUBJECT ADDED ENTRY--UNIFORM TITLE
Uniform title Convention on the Rights of the Child
Date of treaty signing (1989 November 20)
650 #0 - SUBJECT ADDED ENTRY--TOPICAL TERM
Topical term or geographic name entry element Right to education.
650 #0 - SUBJECT ADDED ENTRY--TOPICAL TERM
Topical term or geographic name entry element Educational equalization.
700 1# - ADDED ENTRY--PERSONAL NAME
Personal name Starkey, Hugh,
Relator term author.
906 ## - LOCAL DATA ELEMENT F, LDF (RLIN)
a 7
b cbc
c orignew
d 1
e ecip
f 20
g y-gencatlg
942 ## - ADDED ENTRY ELEMENTS (KOHA)
Source of classification or shelving scheme Dewey Decimal Classification
Koha item type Books
Edition 23
Classification part 397.26
Item part J483c
Call number prefix CIR
Call number suffix 2021
Suppress in OPAC No
Holdings
Withdrawn status Lost status Source of classification or shelving scheme Damaged status Not for loan Home library Current library Shelving location Date acquired Total Checkouts Full call number Barcode Date last seen Copy number Price effective from Koha item type
    Dewey Decimal Classification     Main Library Main Library Circulation Section 03/12/2024   CIR 379.26 J483c 2021 027280 03/12/2024 1-2 03/12/2024 Books
    Dewey Decimal Classification     Main Library Main Library Circulation Section 10/06/2025   CIR 379.26 J483c 2021 030464 10/06/2025 2-2 10/06/2025 Books